00519nam a2200157Ia 4500003000900000008004100009040001600050080001700066100002300083245012700106260003500233300001400268650004100282650001600323700002200339IN-BaIIA211028s9999 xx 000 0 eng d cIIA Library a51:62bCHI-1 aChirgwin, Brian H. 2aA course of mathematics for engineers and scientistsbvol. 1cBrian H. Chirgwin  aNew YorkbPergamon Pressc1961 avi, 326p. aAstronomy and astrophysics thesaurus aMathematics aPlumpton, Charles